Online
Catalog

Cooperativas : (Record no. 25517)

MARC details
000 -CABECERA
campo de control de longitud fija 00909nam a2200229 a 4500
001 - NÚMERO DE CONTROL
campo de control 000026025
005 - FECHA Y HORA DE LA ÚLTIMA TRANSACCIÓN
campo de control 20200930024235.0
008 - DATOS DE LONGITUD FIJA--INFORMACIÓN GENERAL
campo de control de longitud fija 110225s1970 mx r 000 0 spa d
040 ## - FUENTE DE LA CATALOGACIÓN
Centro catalogador/agencia de origen DO-SdBNP
Lengua de catalogación spa
Centro/agencia transcriptor BNPHU
041 17 - CÓDIGO DE LENGUA
Código de lengua del texto/banda sonora o título independiente spa
Código de lengua original eng
Fuente del código Código de idiomas MARC
082 ## - NÚMERO DE LA CLASIFICACIÓN DECIMAL DEWEY
Número de clasificación 334.0973
Número de documento/Ítem V951c
049 ## - FONDOS LOCALES (OCLC)
Fondos de biblioteca BNGR
100 1# - ENTRADA PRINCIPAL--NOMBRE DE PERSONA
Nombre de persona Voorhis, Jerry.
9 (RLIN) 52935
240 10 - TÍTULO UNIFORME
Título uniforme American cooperatives.
Lenguaje de la obra Español
245 10 - MENCIÓN DE TÍTULO
Título Cooperativas :
Resto del título desarrollo - función - futuro /
Mención de responsabilidad, etc. Jerry Voorhis ; traducción de Ramón Palazón.
260 ## - PUBLICACIÓN, DISTRIBUCIÓN, ETC.
Lugar de publicación, distribución, etc. México, D. F. :
Nombre del editor, distribuidor, etc. Centro Regional de Ayuda Técnica. Agencia para el Desarrollo Internacional ;
-- Pax-México, Librería Carlos Cesarman,
Fecha de publicación, distribución, etc. 1970.
300 ## - DESCRIPCIÓN FÍSICA
Extensión 269 p. ;
Dimensiones 21 cm.
534 ## - NOTA SOBRE LA VERSIÓN ORIGINAL
Encabezamiento principal del original Título del original en inglés :
Mención de título del original American cooperatives
500 ## - NOTA GENERAL
Nota general Incluye índice analítico.
650 #4 - PUNTO DE ACCESO ADICIONAL DE MATERIA--TÉRMINO DE MATERIA
Término de materia o nombre geográfico como elemento de entrada Cooperativas
Subdivisión geográfica Estados Unidos
9 (RLIN) 52936
700 1# - PUNTO DE ACCESO ADICIONAL--NOMBRE DE PERSONA
Nombre de persona Palazón, Ramón,
Término indicativo de función/relación tr.
9 (RLIN) 41247
Holdings
Estado de retiro Estado de pérdida Restricciones de uso No para préstamo Código de colección Localización permanente Ubicación/localización actual Ubicación en estantería Fecha de adquisición Número de inventario Total de préstamos Signatura topográfica completa Código de barras Fecha visto por última vez Precio válido a partir de Tipo de ítem Koha
        Monografías: Libros y Folletos General General En catalogación 25.02.2011 LF1   334.0973 V951c 26025-10 25.06.2020 25.06.2020 Préstamo en sala

Powered by Koha